| 000 | 00407nam a22001457a 4500 | ||
|---|---|---|---|
| 020 | _qHB. | ||
| 040 | _cFIZZA ISHAQ | ||
| 082 |
_a809 _bBLO |
||
| 100 |
_a Bloom , Harold. _911484 |
||
| 245 |
_aThe Western Canon: The Book and School of the Ages / _c Harold Bloom. |
||
| 250 | _aFirst ED. | ||
| 260 |
_aNew York: _bHarcourt Brace, _c1994. |
||
| 300 |
_a578 P. ; _c 17.15 x 4.45 x 24.13 cm |
||
| 942 |
_2ddc _cBK |
||
| 999 |
_c616940 _d616940 |
||